000 00441nam a2200181Ia 4500
008 230711s9999||||xx |||||||||||||| ||und||
020 _a978-81-265-1114-3
041 _aENG
082 _a546
_bCO-B
100 _aCotton,F.Albert
245 0 _aBasic inogranic Chemistry
250 _a3rd Ed.
260 _c2014
_aNew Delhi
_bJohn Wiley & Sons.Inc
300 _a838p.
650 _aChemistry
700 _aWilkinson,Geoffrey
942 _cBK
999 _c5751
_d5751